Statistics for Marvel Villains Starting with S (by picture)

Click here to take the quiz!

General Stats

  • This quiz has been taken 20 times
  • The average score is 25 of 55

Answer Stats

Answer% Correct
Sandman
94%
Scorpio
94%
Scorpion
83%
Spot
83%
Super-Skrull
78%
Sabertooth
72%
Scream
67%
Shocker
67%
Silver Samurai
67%
Swarm
67%
Scarecrow
61%
Supreme-Intelligence
61%
Sauron
56%
Sebastian Shaw
56%
She-Venom
56%
Super-Adaptoid
56%
Screwball
50%
Supergiant
50%
Scorpia
44%
Shadow King
44%
Shriek
44%
Spiral
44%
Steel Serpent
44%
Stegron
44%
Stryfe
44%
Sagittarius
39%
Scientist Supreme
39%
Selene
39%
Sidewinder
39%
Silvermane
39%
Sphinx
39%
Squid
39%
Stilt-Man
39%
Stranger
39%
Stunner
39%
Scarlet Beetle
33%
Shathra
33%
Silver Sable
33%
Slug
33%
Spider-Queen
33%
Spider-Woman
33%
Spymaster
33%
Salamandra
28%
Scalphunter
28%
Screaming Mimi
28%
Skein
28%
Slyde
28%
Star
28%
Superia
28%
Scourge of the Underworld
22%
Shadow Knight
22%
Stardust
22%
Sublime
22%
Stallior
17%
Stormranger
17%

Score Distribution

Percentile by Number Answered

Percent of People with Each Score

Your Score History

You have not taken this quiz